000
00311nam a22001337a 4500
008
190225b xxu||||| |||| 00| 0 eng d
020
_a
9781572244160
041
_a
eng
080
_a
159.9
100
_a
49
101
_a
PSI
245
_a
Helping Your Child with Selective Mutism
_c
Holm,A.E
942
_2
udc
_c
BK
999
_c
54170
_d
54170